000 00864nam a22002055i 4500
001 156199
003 ES-MaACL
005 20250828004910.0
008 040802s1830 sp |||| | spa d
040 _aCAM
_bspa
_cCAM
100 1 _aGonod, Benoît.
_9154047
245 1 0 _aNouvelle exposition de la méthode de M. Jacotot, justifiée par les autorités les plus graves,... suivie d'un recueil de compositions françaises faites d'après la méthode et de la bibliographie de l'enseignement universel /
_cpar B. Gonod.
260 _aParis :
_blibrairie Classique de Maire-Nyon,
_c1830.
300 _aVIII, 134 p. ;
_c20 cm.
650 0 7 _aPedagogía
_2embne
_915904
650 4 _aEducación-
_xFilosofía.
_912079
700 1 _aJacotot, Joseph,
_d1770-1840
_9154046
852 _aES-MaACL
_jC-3872(1)
_z-- Enc. pasta española
999 _c156199
_d156199